000 00725nam a22002532 4500
999 _c5804
_d5804
003 UkOxU
005 20220622134606.0
008 860716s1952 xx a 001 0 eng d
020 _a-
040 _cALUPE UNIVERSITY
050 _aRS187
_b.G46 1952
090 _aRM300
_b.G46 1952
100 1 _aGhosh, Birendra Nath.
245 1 0 _aPharmacology, materia medica and therapeutics /
_cby Birendra Nath Ghosh.
250 _a19th ed.
260 _aCalcutta :
_bHilton,
_c1952.
300 _axvi, 860 p. :
_bill. ;
_c23 cm.
500 _aIncludes index.
650 0 _aPharmacology.
650 0 _aMateria medica.
650 0 _aTherapeutics.
942 _2lcc
_cBK
_nJO